Daddys girls (Record no. 216739)

MARC details
000 -LEADER
fixed length control field 01619nam a22002177a 4500
005 - DATE AND TIME OF LATEST TRANSACTION
control field 20211029093733.0
008 - FIXED-LENGTH DATA ELEMENTS--GENERAL INFORMATION
fixed length control field 211027b ||||| |||| 00| 0 eng d
020 ## - INTERNATIONAL STANDARD BOOK NUMBER
International Standard Book Number 9781509878246
040 ## - CATALOGING SOURCE
Transcribing agency Al
041 ## - LANGUAGE CODE
Language code of text/sound track or separate title Eng
082 ## - DEWEY DECIMAL CLASSIFICATION NUMBER
Edition number 23
Classification number 813.54
Item number STED
100 ## - MAIN ENTRY--PERSONAL NAME
Personal name Danielle Steel
100 ## - MAIN ENTRY--PERSONAL NAME
9 (RLIN) 9254
245 ## - TITLE STATEMENT
Title Daddys girls
260 ## - PUBLICATION, DISTRIBUTION, ETC.
Place of publication, distribution, etc. London
Name of publisher, distributor, etc. Pan Books
Date of publication, distribution, etc. 2021
300 ## - PHYSICAL DESCRIPTION
Extent 272p.
Other physical details PB
Dimensions 20x13cm.
365 ## - TRADE PRICE
Price type code BLCR-000062
Price amount ₹360.00
Currency code
Unit of pricing ₹450.00
Price note 20%
Price effective from 04-10-2021
520 ## - SUMMARY, ETC.
Summary, etc. In Daddy's Girls, Danielle Steel’s thought-provoking novel, three sisters discover the truth about their past and the importance of their unique bond.<br/>Many years have passed since ranch hand JT Tucker took his three small daughters to start a new life, eventually building the largest ranch in California. But success comes at a price, and with no mother in their life, Tucker’s relationship with each of his very different daughters was complicated.<br/>Caroline, the youngest, was overlooked by her father. She fled the ranch as early as she could to become a wife and mother, pursuing a career writing children’s books. Gemma, his declared favourite, yearned for Hollywood glamour and became a major TV star. Kate, the eldest, stayed to work on the ranch, forsaking relationships and family for a father who took her for granted.<br/>When JT dies suddenly, the paper trail he leaves behind reveals more than the sisters could ever have guessed. The truth brings a new reality, helping them to understand who they really are and what they really want.
650 ## - SUBJECT ADDED ENTRY--TOPICAL TERM
Topical term or geographic name entry element Fiction
9 (RLIN) 1971
700 ## - ADDED ENTRY--PERSONAL NAME
Personal name STEEL (Danielle)
9 (RLIN) 1972
942 ## - ADDED ENTRY ELEMENTS (KOHA)
Source of classification or shelving scheme Dewey Decimal Classification
Koha item type Book
Holdings
Withdrawn status Lost status Source of classification or shelving scheme Damaged status Not for loan Collection code Home library Current library Date acquired Source of acquisition Cost, normal purchase price Total Checkouts Full call number Barcode Date last seen Date last checked out Cost, replacement price Price effective from Koha item type
    Dewey Decimal Classification     English St Aloysius Library St Aloysius Library 10/12/2021 NavaKarnataka Publications Pvt. Ltd. 360.00 1 813.54 STED 075011 03/13/2023 03/03/2023 450.00 10/27/2021 Book